000 00686cam a2200217 4500
001 WB3707-20
008 000000n2001 000 0 eng u
035 _a(Sirsi) u110953
245 _aAnalysts' model to break barriers
260 _c2001
490 _aProperty Week
_v66(6) 9 February 2001, 14(1)
520 _aGoldman Sachs has launched the first valuation model based on economic value added, which compares European property shares on a like-for-like basis. Table.
590 _aWB
650 _aVALUATION MODELS
650 _aEUROPE
650 _aPROPERTY SHARES
650 _aPROPERTY COMPANIES
650 _aMARKET ANALYSIS
690 _aINVESTMENT
942 _n0
999 _c66133
_d66133